00727nam a2200253 u 450000100070000000500170000700800410002403500110006503500210007604000130009704100080011008000070011810000350012524500860016025000090024626000450025530000180030065000470031865000110036565000100037665000110038665000390039770000370043614583720260506075427.0971113s1916 eng  a145837 a(OCoLC)777993212 ccomduadb aeng aQY10aTodd, James Campbell4auteaut10aClinical diagnosis by laboratory methods : a working manual of clinical pathology a3ed. aEstados Unidos :bW. B. Saunders,c1916. a748 páginas aTécnicas y procedimientos de laboratorio aEsputo aOrina aSangre 7aDiagnóstico de laboratorio2lemb10aSanford, Arthur Hawley4auteaut